<?xml version="1.0" encoding="UTF-8"?>
<record
    xmlns:xsi="http://www.w3.org/2001/XMLSchema-instance"
    xsi:schemaLocation="http://www.loc.gov/MARC21/slim http://www.loc.gov/standards/marcxml/schema/MARC21slim.xsd"
    xmlns="http://www.loc.gov/MARC21/slim">

  <leader>02071nam a22003371i 4500</leader>
  <controlfield tag="005">20210124074033.0</controlfield>
  <controlfield tag="008">210124s2015    -uko|||g  ||| 001 0 eng d</controlfield>
  <datafield tag="020" ind1=" " ind2=" ">
    <subfield code="a">9780714870021</subfield>
    <subfield code="c">RM 24.88</subfield>
    <subfield code="q">paperback</subfield>
  </datafield>
  <datafield tag="040" ind1=" " ind2=" ">
    <subfield code="a">PPAK</subfield>
    <subfield code="b">eng</subfield>
    <subfield code="c">PPAK</subfield>
    <subfield code="e">rda</subfield>
  </datafield>
  <datafield tag="082" ind1="0" ind2="4">
    <subfield code="2">23</subfield>
    <subfield code="a">641.822</subfield>
  </datafield>
  <datafield tag="090" ind1="0" ind2="0">
    <subfield code="a">641.822</subfield>
    <subfield code="b">ITA</subfield>
    <subfield code="d">G</subfield>
  </datafield>
  <datafield tag="245" ind1="0" ind2="0">
    <subfield code="a">ITALIAN COOKING SCHOOL PASTA /</subfield>
    <subfield code="c">Commissioning Editor : Emilia Terragni ; Project Editor : Michelle Lo</subfield>
  </datafield>
  <datafield tag="246" ind1="3" ind2="3">
    <subfield code="a">Pasta</subfield>
  </datafield>
  <datafield tag="246" ind1="3" ind2="3">
    <subfield code="a">Cucchiaio d'argento estate</subfield>
  </datafield>
  <datafield tag="246" ind1="3" ind2="3">
    <subfield code="a">Cucchiaio d'argento cucina regionale</subfield>
  </datafield>
  <datafield tag="246" ind1="3" ind2="3">
    <subfield code="a">Scuola di cucina pasta fresca e ripiena</subfield>
  </datafield>
  <datafield tag="264" ind1=" " ind2="1">
    <subfield code="a">London ; New York :</subfield>
    <subfield code="b">Phaidon Press ,</subfield>
    <subfield code="c">2015</subfield>
  </datafield>
  <datafield tag="300" ind1=" " ind2=" ">
    <subfield code="a">175 pages :</subfield>
    <subfield code="b">colour photographs ;</subfield>
    <subfield code="c">23 cm.</subfield>
  </datafield>
  <datafield tag="336" ind1=" " ind2=" ">
    <subfield code="2">rdacontent</subfield>
    <subfield code="a">text</subfield>
  </datafield>
  <datafield tag="337" ind1=" " ind2=" ">
    <subfield code="2">rdamedia</subfield>
    <subfield code="a">unmediated</subfield>
  </datafield>
  <datafield tag="338" ind1=" " ind2=" ">
    <subfield code="2">rdacarrier</subfield>
    <subfield code="a">volume</subfield>
  </datafield>
  <datafield tag="490" ind1="1" ind2=" ">
    <subfield code="a">A Silver Spoon Kitchen book</subfield>
  </datafield>
  <datafield tag="505" ind1=" " ind2=" ">
    <subfield code="a">Back to basics --
Ingredients --
Equipment --
Types of pasta --
Fresh egg pasta --
Tagliatelle --
Lasagne --
Cannelloni --
Ravioli --
Tortellini.</subfield>
  </datafield>
  <datafield tag="520" ind1=" " ind2=" ">
    <subfield code="a">Making pasta at home has never been easier! The Silver Spoon Italian Cooking School: Pasta teaches everything you need to know about making pasta shapes and dishes. Each chapter starts with step-by-step instructions for a technique so the reader is well versed in making pasta shapes and dishes. The book begins with a basic pasta dough recipe, then shows you how to create basic ribbon pastas, lasagnas, cannellonis, ravioli and tortellis. From creamy Pappardelle with Mushrooms and a Vegetarian Lasagna to a Spinach and Ricotta Ravioli, Italian Cooking School: Pastafeatures 75 versatile, everyday recipes to cook at home and for friends and family. Readers build their cooking repertoire as they progress through the books, building confidence with simple recipes at the start and advancing to more challenging dishes.</subfield>
  </datafield>
  <datafield tag="650" ind1="1" ind2="0">
    <subfield code="a">Cooking (Pasta).</subfield>
  </datafield>
  <datafield tag="650" ind1="2" ind2="0">
    <subfield code="a">Cooking, Italian.</subfield>
  </datafield>
  <datafield tag="700" ind1="1" ind2=" ">
    <subfield code="a">Terragni, Emilia,</subfield>
    <subfield code="e">editor.</subfield>
  </datafield>
  <datafield tag="700" ind1="1" ind2=" ">
    <subfield code="a">Lo, Michelle, </subfield>
    <subfield code="e">editor.</subfield>
  </datafield>
  <datafield tag="830" ind1=" " ind2="0">
    <subfield code="a">A Silver Spoon Kitchen book</subfield>
  </datafield>
  <datafield tag="942" ind1=" " ind2=" ">
    <subfield code="2">ddc</subfield>
    <subfield code="c">B</subfield>
  </datafield>
  <datafield tag="999" ind1=" " ind2=" ">
    <subfield code="c">181492</subfield>
    <subfield code="d">181492</subfield>
  </datafield>
  <datafield tag="952" ind1=" " ind2=" ">
    <subfield code="0">0</subfield>
    <subfield code="7">0</subfield>
    <subfield code="b">PPAK</subfield>
    <subfield code="c">G</subfield>
    <subfield code="d">2021-02-14</subfield>
    <subfield code="l">2</subfield>
    <subfield code="m">1</subfield>
    <subfield code="o">641.822 ITA</subfield>
    <subfield code="p">A01674890</subfield>
    <subfield code="r">2025-08-24 13:39:40</subfield>
    <subfield code="s">2025-08-24</subfield>
    <subfield code="y">B</subfield>
  </datafield>
</record>
